[Event "Interclubs Adultes"]
[Site "Evry FRA"]
[Date "2008.05.29"]
[Round "8.6"]
[White "Libiszewski, Fabien"]
[Black "Hisler, Thomas"]
[Result "1-0"]
[WhiteElo "2465"]
[BlackElo "2259"]
[PlyCount "73"]
[EventDate "2008.05.29"]
[Source "www.chesslib.no"]
[SourceDate "2004.05.04"]

1. e4 e5 2. Nf3 Nc6 3. Nc3 Nf6 4. Bb5 Bc5 5. Nxe5 Nxe5 6. d4 Bd6 7. f4 Nc6 8. e5 Be7 9. d5 Nb4 10. exf6 Bxf6 11. a3 Na6 12. Qe2+ Qe7 13. Qxe7+ Bxe7 14. Be3 O-O 15. O-O-O d6 16. Bd4 Nc5 17. Rhe1 Bh4 18. g3 Bd8 19. Re3 a6 20. Bf1 h5 21. b4 Nd7 22. Ne4 b5 23. Be2 f5 24. Ng5 Nf6 25. Bxf6 Bxf6 26. Bxh5 Bd7 27. Ne6 Rfc8 28. Bg6 a5 29. Bxf5 axb4 30. axb4 c6 31. Nxg7 Kxg7 32. Bxd7 Rh8 33. h4 Ra1+ 34. Kd2 Rxd1+ 35. Kxd1 cxd5 36. Bxb5 Rb8 37. Bc6 1-0

[Event "Politiken Cup"]
[Site "?"]
[Date "2003.07.18"]
[Round "5"]
[White "Skjoldborg Jesper"]
[Black "Solleveld Maarten"]
[Result "1/2-1/2"]
[WhiteElo "2253"]
[BlackElo "2458"]
[PlyCount "122"]
[EventDate "2003.??.??"]
[Source "www.chesslib.no"]
[SourceDate "2004.05.04"]

1. e4 e5 2. Nf3 Nc6 3. Nc3 Nf6 4. Bb5 Bc5 5. O-O O-O 6. Nxe5 Nxe5 7. d4 Bd6 8. f4 Neg4 9. e5 Bb4 10. exf6 Nxf6 11. d5 c6 12. dxc6 Bxc3 13. cxd7 Qb6+ 14. Kh1 Qxb5 15. dxc8=Q Raxc8 16. bxc3 Rfd8 17. Qe1 Re8 18. Qd1 Re2 19. Rb1 Qxb1 20. Qxe2 Qxa2 21. Be3 Rxc3 22. Bd4 Rxc2 23. Qf3 Qd5 24. Qxd5 Nxd5 25. Bxa7 h5 26. g3 b5 27. Rd1 Nf6 28. Rd8+ Kh7 29. Rb8 Rb2 30. Bd4 Rb1+ 31. Kg2 Ng4 32. Rb7 Nh6 33. h3 Rb4 34. Bc5 Rb2+ 35. Kf3 Rb3+ 36. Kg2 Rb2+ 37. Kf3 Rb3+ 38. Kg2 Kg6 39. g4 hxg4 40. hxg4 Nxg4 41. f5+ Kxf5 42. Rxf7+ Kg6 43. Rb7 Nh6 44. Kf2 Nf5 45. Ke2 Kh5 46. Kd2 g5 47. Kc2 Rf3 48. Rxb5 g4 49. Kd2 Kh4 50. Rb8 Kh3 51. Bb6 g3 52. Rh8+ Nh4 53. Bd8 Rf4 54. Ke2 Re4+ 55. Kd3 Rb4 56. Ke2 Re4+ 57. Kd3 g2 58. Kxe4 g1=Q 59. Rxh4+ Kg3 60. Bf6 Qc5 61. Rh8 Qc2+ 1/2-1/2

[Event "Bad Wiessee 2003"]
[Site "?"]
[Date "2003.11.09"]
[Round "2"]
[White "Potkin Vladimir"]
[Black "Van den Bersselaar Jeroen"]
[Result "1-0"]
[WhiteElo "2534"]
[BlackElo "2176"]
[PlyCount "55"]
[EventDate "2003.??.??"]
[Source "www.chesslib.no"]
[SourceDate "2004.05.04"]

1. e4 e5 2. Nf3 Nc6 3. Nc3 Nf6 4. Bb5 Bc5 5. O-O O-O 6. Nxe5 Nxe5 7. d4 Bd6 8. f4 Nc6 9. e5 Be7 10. exf6 Bxf6 11. d5 Nd4 12. Bd3 d6 13. Ne4 c6 14. c3 Nf5 15. g4 Nh4 16. f5 h6 17. Nxf6+ Qxf6 18. Bf4 Bd7 19. Qe1 Rfe8 20. Qg3 Qd8 21. Bd2 Re5 22. Bf4 Re8 23. Rf2 cxd5 24. Bd2 Re4 25. Raf1 h5 26. gxh5 Qb6 27. Bxe4 dxe4 28. Be3 1-0

[Event "EU Ch U18"]
[Site "Zagan POL"]
[Date "1995.??.??"]
[Round "4"]
[White "Ferguson, Mark"]
[Black "Belozerov, Andrei"]
[Result "1/2-1/2"]
[WhiteElo "2370"]
[BlackElo "2325"]
[PlyCount "55"]
[EventDate "1995.??.??"]
[Source "www.chesslib.no"]
[SourceDate "2004.05.04"]

1. e4 e5 2. Nf3 Nc6 3. Nc3 Nf6 4. Bb5 Bc5 5. O-O O-O 6. Nxe5 Nxe5 7. d4 Bd6 8. f4 Nc6 9. e5 Be7 10. d5 Nb4 11. exf6 Bxf6 12. a3 Bxc3 13. bxc3 Nxd5 14. Qxd5 c6 15. Qd3 cxb5 16. f5 f6 17. a4 bxa4 18. Rxa4 d5 19. Rd4 b6 20. Rxd5 Qe8 21. Rd1 Bb7 22. Rd7 Be4 23. Qg3 Rf7 24. Qc7 Rc8 25. Qxa7 Bxf5 26. Rxf7 Qxf7 27. Qxb6 h5 28. Rd8+ 1/2-1/2

[Event "Oberwart (open)"]
[Site "?"]
[Date "2004.07.12"]
[Round "3.11"]
[White "Jurkovic Hrvoje"]
[Black "Hiermann Dietmar"]
[Result "1-0"]
[WhiteElo "2432"]
[BlackElo "2262"]
[PlyCount "61"]
[EventDate "2004.??.??"]
[Source "www.chesslib.no"]
[SourceDate "2004.05.04"]

1. e4 e5 2. Nf3 Nc6 3. Nc3 Nf6 4. Bb5 Bc5 5. O-O O-O 6. Nxe5 Nd4 7. Be2 Re8 8. Nd3 Nxe2+ 9. Qxe2 Bd4 10. Qf3 Bxc3 11. dxc3 Nxe4 12. Re1 d5 13. Be3 Be6 14. Rad1 Qh4 15. h3 c6 16. a4 a6 17. a5 Rad8 18. Qf4 Qh5 19. f3 g5 20. Qh2 Nd6 21. Bb6 Qg6 22. Bxd8 Rxd8 23. b3 Nb5 24. Qe5 Re8 25. c4 f6 26. Qb2 dxc4 27. bxc4 Bxc4 28. Rxe8+ Qxe8 29. Qxf6 Qe3+ 30. Kh1 Nd4 31. Ne5 1-0

[Event "Gausdal Classics IM-A"]
[Site "Gausdal"]
[Date "2002.04.11"]
[Round "1"]
[White "Bosch, Jeroen"]
[Black "Tallaksen, Geir Sune"]
[Result "1-0"]
[WhiteElo "2454"]
[BlackElo "2235"]
[PlyCount "67"]
[EventDate "2002.04.11"]
[Source "ChessBase"]
[SourceDate "2002.05.03"]

1. e4 e5 2. Nf3 Nc6 3. Nc3 Nf6 4. Bb5 Bc5 5. Bxc6 dxc6 6. d3 O-O 7. h3 Re8 8. Qe2 Qd6 9. Be3 Bxe3 10. fxe3 Be6 11. O-O c5 12. Qf2 Rad8 13. a4 Nd7 14. Nh4 Nf8 15. Qg3 a6 16. Nf5 Bxf5 17. exf5 f6 18. Qg4 Qc6 19. Qc4+ Kh8 20. a5 Qd6 21. Ne4 Qd5 22. Qxc5 Qxc5 23. Nxc5 Nd7 24. Ne4 Nb8 25. Rfb1 Rd5 26. b4 Nc6 27. Kf2 Red8 28. Ke2 Kg8 29. Ra3 Ra8 30. g4 Kf7 31. Rc3 Rb5 32. Rc4 Rd5 33. Nc5 Nd8 34. Nxb7 1-0

[Event "NED Team Ch"]
[Site "NED"]
[Date "1987.??.??"]
[Round "?"]
[White "Van de Oudeweetering, Arthur"]
[Black "Winants, Luc"]
[Result "1/2-1/2"]
[WhiteElo "2270"]
[BlackElo "2415"]
[PlyCount "70"]
[EventDate "1987.??.??"]
[Source "www.chesslib.no"]
[SourceDate "2004.05.04"]

1. e4 e5 2. Nf3 Nc6 3. Nc3 Nf6 4. Bb5 Bc5 5. Nxe5 Nxe5 6. d4 Bd6 7. dxe5 Bxe5 8. O-O O-O 9. Bg5 h6 10. Bh4 c6 11. Bd3 Qb6 12. Rb1 Re8 13. Ne2 d5 14. Bxf6 Bxf6 15. exd5 cxd5 16. Nf4 Be6 17. Qf3 Rad8 18. Rfe1 Qa5 19. Nh5 Bg5 20. Qg3 Bf5 21. Rxe8+ Rxe8 22. h4 Qxa2 23. Rf1 Bg6 24. hxg5 Bxh5 25. gxh6 Qxb2 26. Qh4 Bg6 27. Bxg6 fxg6 28. Qg5 Qe5 29. Qxg6 Re6 30. Qxg7+ Qxg7 31. hxg7 Kxg7 32. Ra1 a6 33. Rd1 Rd6 34. Kf1 Kf6 35. Ke2 b5 1/2-1/2

[Event "Ch Norway (team) 1998/99"]
[Site "Norway"]
[Date "1998.??.??"]
[Round "3"]
[White "Contreras, Henry"]
[Black "Fittante, Giuliana"]
[Result "1/2-1/2"]
[WhiteElo "2350"]
[BlackElo "2310"]
[PlyCount "140"]
[EventDate "1998.??.??"]
[Source "www.chesslib.no"]
[SourceDate "2004.05.04"]

1. e4 e5 2. Nf3 Nc6 3. Nc3 Nf6 4. Bb5 Bc5 5. O-O O-O 6. Bxc6 dxc6 7. d3 Bg4 8. h3 Bh5 9. Qe2 Nd7 10. Be3 Re8 11. Bxc5 Nxc5 12. Qe3 Bxf3 13. Qxf3 Ne6 14. Ne2 Nd4 15. Nxd4 Qxd4 16. c3 Qb6 17. Qe2 Rad8 18. Rad1 Re6 19. Rd2 Red6 20. Rfd1 c5 21. Qe3 Qc6 22. d4 cxd4 23. cxd4 Qb6 24. d5 Qxe3 25. fxe3 Kf8 26. Kf2 Ke7 27. Ke2 Ra6 28. Rc1 Rxa2 29. Rxc7+ Rd7 30. Rdc2 h5 31. R7c3 Ra4 32. Kf3 Rb4 33. g4 hxg4+ 34. hxg4 Kf6 35. Rc4 Rb3 36. R4c3 Rb4 37. Rc4 Rb3 38. R4c3 Rb6 39. Rc8 Ke7 40. Rg8 Rf6+ 41. Kg3 g6 42. Ra8 Ra6 43. g5 Ra1 44. Kg2 a6 45. Rb8 Re1 46. Kf3 Rg1 47. Rg2 Rxg2 48. Kxg2 Rc7 49. Kf3 Kd6 50. Rd8+ Rd7 51. Rc8 Rc7 52. Rd8+ Ke7 53. Rb8 a5 54. b3 Kd6 55. Rd8+ Kc5 56. d6 Rc6 57. d7 Kd6 58. Rb8 Kxd7 59. Rxb7+ Ke6 60. Rb5 Ra6 61. Ke2 a4 62. bxa4 Rxa4 63. Kf3 Ra6 64. Rb8 Ra5 65. Re8+ Kd7 66. Rb8 Ra1 67. Kg2 Re1 68. Kf2 Rh1 69. Rb5 Kd6 70. Rb6+ Kc5 1/2-1/2

[Event "Monarch Assurance XII"]
[Site "?"]
[Date "2003.10.03"]
[Round "7.22"]
[White "Jonkman Harmen"]
[Black "Ashton Adam G"]
[Result "1-0"]
[WhiteElo "2424"]
[BlackElo "2234"]
[PlyCount "105"]
[EventDate "2003.??.??"]
[Source "www.chesslib.no"]
[SourceDate "2004.05.04"]

1. e4 e5 2. Nf3 Nc6 3. Nc3 Nf6 4. Bb5 Bc5 5. Nxe5 O-O 6. Nd3 Bd4 7. O-O Bxc3 8. dxc3 Nxe4 9. Nf4 d6 10. Re1 Nc5 11. Be3 Ne6 12. Qh5 Nxf4 13. Bxf4 Qf6 14. Bg5 Qg6 15. Qxg6 hxg6 16. f3 Bd7 17. Kf2 Rfe8 18. a4 a6 19. Bf1 a5 20. Bb5 Bf5 21. Rac1 Kf8 22. Bxc6 bxc6 23. c4 Rxe1 24. Kxe1 Ke8 25. Bd2 Kd7 26. Bc3 f6 27. h4 Rh8 28. g3 Be6 29. b3 Rh5 30. Ke2 Bf7 31. Ke3 g5 32. hxg5 Rxg5 33. g4 Rg6 34. Rh1 Ke7 35. Bxa5 Rh6 36. Rxh6 gxh6 37. Bxc7 Bg6 38. Kd2 h5 39. a5 Kd7 40. Bb8 hxg4 41. fxg4 Be4 42. a6 c5 43. Ke3 Ba8 44. c3 d5 45. cxd5 Bxd5 46. c4 Bg2 47. Bg3 Kc6 48. a7 Kb6 49. Bd6 Bc6 50. Kf4 Kxa7 51. Bxc5+ Ka6 52. Bd4 Ka5 53. Bc3+ 1-0

[Event "RUS-Cup"]
[Site "Nizhnij Novgorod"]
[Date "1999.??.??"]
[Round "9"]
[White "Batsanin, Dmitry"]
[Black "Vorontsov, Nickolay"]
[Result "1-0"]
[WhiteElo "2298"]
[BlackElo "2360"]
[PlyCount "49"]
[EventDate "1999.??.??"]
[Source "www.chesslib.no"]
[SourceDate "2004.05.04"]

1. e4 e5 2. Nf3 Nc6 3. Nc3 Nf6 4. Bb5 Bc5 5. O-O O-O 6. Nxe5 Nxe5 7. d4 Bb4 8. dxe5 Bxc3 9. bxc3 Nxe4 10. Qd4 d5 11. Ba3 a6 12. Bd3 Re8 13. Rad1 c5 14. Bxc5 Nxc5 15. Qxc5 Rxe5 16. c4 Bg4 17. f3 Bf5 18. Bxf5 Rxf5 19. cxd5 Rc8 20. Qd4 Rxc2 21. Qe4 Qc8 22. d6 Rg5 23. g4 f5 24. Qxc2 Qxc2 25. d7 1-0

[Event "It (Open) Marseille FRA"]
[Site "?"]
[Date "2005.12.29"]
[Round "6"]
[White "Petrosian Armen"]
[Black "Leygue Dominique"]
[Result "0-1"]
[WhiteElo "2328"]
[BlackElo "2324"]
[PlyCount "114"]
[EventDate "2005.??.??"]
[Source "www.chesslib.no"]
[SourceDate "2004.05.04"]

1. e4 e5 2. Nf3 Nc6 3. Nc3 Nf6 4. Bb5 Bc5 5. O-O O-O 6. d3 d6 7. Be3 Bb6 8. a4 Nd4 9. a5 Bc5 10. Bxd4 exd4 11. Ne2 Bg4 12. Qd2 a6 13. Ba4 Bxf3 14. gxf3 Nh5 15. b4 Ba7 16. Ng3 Qh4 17. Nf5 Qf4 18. Qxf4 Nxf4 19. Kh1 g6 20. Nh4 c6 21. Rg1 h5 22. Rg3 d5 23. Ng2 Bb8 24. Bb3 Kg7 25. Nxf4 Bxf4 26. Rgg1 dxe4 27. fxe4 Bd6 28. Ra4 Be5 29. Kg2 Rae8 30. Raa1 Kh6 31. Rgf1 Bd6 32. Ra4 f5 33. f3 fxe4 34. dxe4 Re5 35. Bc4 Rg5+ 36. Kh1 Bf4 37. Rg1 Rxg1+ 38. Kxg1 Bd2 39. Be2 Bc3 40. h3 Kg5 41. Kf2 Kf4 42. h4 g5 43. hxg5 Rg8 44. Bc4 Rxg5 45. Be6 Rg3 46. Bc8 Rxf3+ 47. Kg2 Rg3+ 48. Kf1 Rg7 49. Ra3 Kxe4 50. Rb3 Ke3 51. Rb1 Rf7+ 52. Kg2 Kd2 53. Rh1 Rg7+ 54. Kf2 Kxc2 55. Bf5+ Kb3 56. Rb1+ Bb2 57. Be4 Kc3 0-1

[Event "Dortmund op-A"]
[Site "Dortmund GER"]
[Date "1992.??.??"]
[Round "4"]
[White "Braun, Gottfried"]
[Black "Micic, Jordanka"]
[Result "1-0"]
[WhiteElo "2385"]
[BlackElo "2265"]
[PlyCount "47"]
[EventDate "1992.04.??"]
[Source "www.chesslib.no"]
[SourceDate "2004.05.04"]

1. e4 e5 2. Nf3 Nc6 3. Nc3 Nf6 4. Bb5 Bc5 5. O-O O-O 6. Nxe5 Nxe5 7. d4 Bb4 8. dxe5 Bxc3 9. bxc3 Nxe4 10. Qd4 Ng5 11. Ba3 Ne6 12. Qe3 d6 13. Rad1 d5 14. Bxf8 Qxf8 15. Be2 c6 16. c4 d4 17. Qg3 g6 18. Bd3 Ng7 19. Qh4 c5 20. g4 Bd7 21. f4 Qc8 22. f5 Qd8 23. Qh6 Bc6 24. e6 1-0

[Event "XXIV ECC"]
[Site "Kallithea GRE"]
[Date "2008.10.21"]
[Round "5"]
[White "Malisauskas, V."]
[Black "Petersen, Stee1"]
[Result "1-0"]
[WhiteElo "2479"]
[BlackElo "2164"]
[PlyCount "72"]
[EventDate "2008.10.17"]
[Source "www.chesslib.no"]
[SourceDate "2004.05.04"]

1. e4 e5 2. Nf3 Nc6 3. Nc3 Nf6 4. Bb5 Bc5 5. O-O O-O 6. Nxe5 Nxe5 7. d4 Bd6 8. dxe5 Bxe5 9. Re1 Re8 10. Bd2 c6 11. Bd3 d5 12. exd5 cxd5 13. h3 Bd7 14. Qf3 Bc6 15. Qf5 g6 16. Qf3 Ne4 17. Bf4 Qh4 18. Bxe5 Rxe5 19. Bxe4 dxe4 20. Qe3 Rae8 21. Rad1 f5 22. Ne2 Qf6 23. Qb3+ Kg7 24. Nd4 f4 25. Nxc6 Qxc6 26. Rd4 e3 27. f3 g5 28. Qd3 Qb6 29. h4 gxh4 30. Rxf4 e2+ 31. Qd4 Rd8 32. Qxb6 axb6 33. Rxh4 Rd2 34. Rc4 Rb5 35. b3 Ra5 36. Kf2 Rxa2 1-0

[Event "TCh-SWE Elitserien 2004-5"]
[Site "?"]
[Date "2004.12.05"]
[Round "5"]
[White "Backelin Rikard"]
[Black "Furhoff Johan"]
[Result "1-0"]
[WhiteElo "2304"]
[BlackElo "2338"]
[PlyCount "59"]
[EventDate "2004.??.??"]
[Source "www.chesslib.no"]
[SourceDate "2004.05.04"]

1. e4 e5 2. Nf3 Nc6 3. Nc3 Nf6 4. Bb5 Bc5 5. Nxe5 Nxe5 6. d4 Bd6 7. dxe5 Bxe5 8. O-O O-O 9. Bd3 Re8 10. Re1 c6 11. Bd2 d6 12. h3 b5 13. a3 Bb7 14. f4 Bd4+ 15. Kh2 Qb6 16. Qf3 c5 17. Nxb5 Nxe4 18. Rxe4 Bxb2 19. Rae1 Bxe4 20. Rxe4 g6 21. Bc3 Bc1 22. Re1 c4 23. Bxc4 Rac8 24. Bd4 Rxe1 25. Bxb6 Rxc4 26. Qa8+ Kg7 27. Bd4+ f6 28. Bxf6+ Kxf6 29. Qf8+ Ke6 30. Qg8+ 1-0

[Event "London Open"]
[Site "London ENG"]
[Date "1994.??.??"]
[Round "3"]
[White "Gillani, Tunveer M D"]
[Black "McMahon, Daire"]
[Result "1/2-1/2"]
[WhiteElo "2405"]
[BlackElo "2235"]
[PlyCount "43"]
[EventDate "1994.??.??"]
[Source "www.chesslib.no"]
[SourceDate "2004.05.04"]

1. e4 e5 2. Nf3 Nc6 3. Nc3 Nf6 4. Bb5 Bc5 5. d3 O-O 6. Bg5 Nd4 7. Nxd4 Bxd4 8. Qf3 c6 9. Bc4 d6 10. h3 Be6 11. Bb3 h6 12. Bd2 Nd7 13. Nd1 Nc5 14. Bxe6 Nxe6 15. c3 Bb6 16. Ne3 Bxe3 17. Bxe3 d5 18. O-O d4 19. Bc1 dxc3 20. bxc3 Qd6 21. Rd1 Rfd8 22. Rb1 1/2-1/2

[Event "Schneider Memorial"]
[Site "Budapest HUN"]
[Date "1994.??.??"]
[Round "?"]
[White "Horvath, Imre"]
[Black "Tornai, Imre"]
[Result "1-0"]
[WhiteElo "2390"]
[BlackElo "2245"]
[PlyCount "69"]
[EventDate "1994.??.??"]
[Source "www.chesslib.no"]
[SourceDate "2004.05.04"]

1. e4 e5 2. Nf3 Nc6 3. Nc3 Nf6 4. Bb5 Bc5 5. Nxe5 Nxe5 6. d4 Bd6 7. f4 Ng6 8. e5 Bb4 9. exf6 Qxf6 10. O-O Bxc3 11. bxc3 O-O 12. Bd3 d6 13. f5 Ne7 14. Qh5 d5 15. Bg5 Qd6 16. Bxe7 Qxe7 17. f6 Qe3+ 18. Kh1 g6 19. Qxd5 c6 20. Qd6 Be6 21. Rae1 Qh6 22. Rxe6 fxe6 23. Qxe6+ Kh8 24. f7 Qg7 25. h3 c5 26. Rf6 cxd4 27. cxd4 Rac8 28. Rf4 Rc7 29. Bc4 g5 30. Rf5 Qxd4 31. Qh6 Qg7 32. Rxg5 Qa1+ 33. Kh2 Rcxf7 34. Bxf7 Rxf7 35. Rc5 1-0

[Event "Gladenbach (08.11.-20.11)"]
[Site "?"]
[Date "1999.11.15"]
[Round "7.12"]
[White "Shabanov Yuri"]
[Black "Dahlhaus Friedhelm"]
[Result "1-0"]
[WhiteElo "2467"]
[BlackElo "2167"]
[PlyCount "79"]
[EventDate "1999.??.??"]
[Source "www.chesslib.no"]
[SourceDate "2004.05.04"]

1. e4 e5 2. Nf3 Nc6 3. Nc3 Nf6 4. Bb5 Bc5 5. O-O d6 6. d4 exd4 7. Nxd4 Bd7 8. Bxc6 bxc6 9. Bg5 h6 10. Bh4 Qe7 11. Nf5 Bxf5 12. exf5 O-O-O 13. Re1 Qd7 14. Qd3 Rde8 15. Na4 Bb6 16. c4 Rxe1+ 17. Rxe1 Re8 18. Rxe8+ Qxe8 19. Kf1 Qe4 20. Qxe4 Nxe4 21. Ke2 Bd4 22. f3 Nf6 23. g4 Nd7 24. Kd3 Ne5+ 25. Ke4 Bg1 26. b3 Bxh2 27. Bf2 a6 28. Bd4 g5 29. Nc5 Nxc4 30. bxc4 dxc5 31. Bg7 Kd7 32. Bxh6 Bf4 33. Bf8 Bd6 34. Bg7 Ke7 35. Bc3 Bf4 36. Be5 Bd2 37. Bxc7 Bc3 38. f4 Bd2 39. fxg5 Bxg5 40. Bf4 1-0

[Event "Sabadell"]
[Site "Sabadell"]
[Date "1996.??.??"]
[Round "5"]
[White "Vehi Bach, Victor Manuel"]
[Black "Ferron Garcia, Carlos"]
[Result "1-0"]
[WhiteElo "2390"]
[BlackElo "2240"]
[PlyCount "73"]
[EventDate "1996.??.??"]
[Source "www.chesslib.no"]
[SourceDate "2004.05.04"]

1. e4 e5 2. Nf3 Nc6 3. Nc3 Nf6 4. Bb5 Bc5 5. O-O O-O 6. Nxe5 Nxe5 7. d4 Bb4 8. dxe5 Bxc3 9. bxc3 Nxe4 10. Qd4 Ng5 11. Bxg5 Qxg5 12. f4 Qg6 13. Bd3 Qb6 14. Rab1 Qxd4+ 15. cxd4 b6 16. f5 Bb7 17. Rf4 Rae8 18. Kf2 d5 19. h4 Bc8 20. c3 Bd7 21. g4 g6 22. Ke3 Kg7 23. f6+ Kh8 24. g5 h5 25. gxh6 Rg8 26. Rg1 c5 27. h7 Rgf8 28. h5 gxh5 29. Bf5 Bxf5 30. Rxf5 c4 31. Rxh5 b5 32. Rhg5 a5 33. a3 Rb8 34. Kd2 Ra8 35. Rg7 b4 36. e6 bxc3+ 37. Kxc3 1-0

[Event "RUS-chT (club)"]
[Site "Novokuznetsk"]
[Date "1999.??.??"]
[Round "?"]
[White "Afanasiev, Fedor"]
[Black "Mezentsev, Igor"]
[Result "1-0"]
[WhiteElo "2329"]
[BlackElo "2300"]
[PlyCount "77"]
[EventDate "1999.??.??"]
[Source "www.chesslib.no"]
[SourceDate "2004.05.04"]

1. e4 e5 2. Nf3 Nc6 3. Nc3 Nf6 4. Bb5 Bc5 5. O-O O-O 6. Nxe5 Nxe5 7. d4 Bd6 8. f4 Nc6 9. e5 Be7 10. d5 Nb4 11. exf6 Bxf6 12. Ba4 d6 13. Ne4 Bf5 14. Ng3 Bd7 15. Bb3 c6 16. dxc6 Nxc6 17. c3 Be6 18. Be3 Re8 19. Bxe6 fxe6 20. Qd2 d5 21. Rad1 g6 22. Ne2 Qa5 23. a3 Qa4 24. Rfe1 Rad8 25. Bf2 Re7 26. Bc5 Ree8 27. Qe3 e5 28. Qf2 b6 29. Be3 Rf8 30. Qg3 Qc4 31. fxe5 Bh4 32. Qh3 Bxe1 33. Qe6+ Kg7 34. Rxe1 Rde8 35. Qd6 Kg8 36. Nd4 Nxd4 37. Bxd4 Rd8 38. Qe6+ Kh8 39. Qe7 1-0

[Event "RUS-ch 1/2 fin"]
[Site "?"]
[Date "2002.??.??"]
[Round "?"]
[White "Udovichenko Nikolai"]
[Black "Kravchenko Vladimir"]
[Result "1/2-1/2"]
[WhiteElo "2226"]
[BlackElo "2402"]
[PlyCount "71"]
[EventDate "2002.??.??"]
[Source "www.chesslib.no"]
[SourceDate "2004.05.04"]

1. e4 e5 2. Nf3 Nc6 3. Nc3 Nf6 4. Bb5 Bc5 5. Nxe5 Bxf2+ 6. Kxf2 Nxe5 7. d4 Neg4+ 8. Kg1 c6 9. Be2 d6 10. h3 Nh6 11. Bg5 Qe7 12. Qd2 O-O 13. Bd3 Kh8 14. Bxh6 gxh6 15. Qxh6 Ng8 16. Qf4 Bd7 17. Kh2 f6 18. Rhf1 Rf7 19. Rae1 Raf8 20. Ne2 Rg7 21. Ng3 Rg5 22. e5 dxe5 23. dxe5 Qg7 24. e6 Be8 25. Nf5 Rxf5 26. Bxf5 Ne7 27. Be4 f5 28. Bf3 Ng6 29. Qb4 Qc7+ 30. g3 f4 31. Qc3+ Kg8 32. Bd5 Rf5 33. Be4 Rg5 34. Bxg6 fxg3+ 35. Kg2 Rxg6 36. e7 1/2-1/2

[Event "Portoroz Open"]
[Site "Portoroz SLO"]
[Date "1994.??.??"]
[Round "?"]
[White "Maslesa, Branko"]
[Black "Misanovic, Vesna"]
[Result "1/2-1/2"]
[WhiteElo "2280"]
[BlackElo "2340"]
[PlyCount "56"]
[EventDate "1994.04.??"]
[Source "www.chesslib.no"]
[SourceDate "2004.05.04"]

1. e4 e5 2. Nf3 Nc6 3. Nc3 Nf6 4. Bb5 Bc5 5. O-O Nd4 6. Nxd4 Bxd4 7. d3 c6 8. Bc4 d6 9. h3 h6 10. Bb3 O-O 11. Ne2 Bb6 12. Ng3 a6 13. c3 d5 14. Qf3 Be6 15. Nf5 Kh7 16. Bc2 dxe4 17. dxe4 Nd7 18. g4 Bxf5 19. exf5 Qh4 20. Kg2 Rac8 21. Rd1 Nf6 22. Qg3 Qxg3+ 23. Kxg3 Rcd8 24. Rxd8 Rxd8 25. h4 h5 26. Bg5 hxg4 27. Bxf6 gxf6 28. Rd1 Rxd1 1/2-1/2

[Event "Nova Gorica women"]
[Site "Nova Gorica SLO"]
[Date "1992.??.??"]
[Round "?"]
[White "Grinfeld, Alla B"]
[Black "Misanovic, Vesna"]
[Result "1/2-1/2"]
[WhiteElo "2230"]
[BlackElo "2390"]
[PlyCount "55"]
[EventDate "1992.??.??"]
[Source "www.chesslib.no"]
[SourceDate "2004.05.04"]

1. e4 e5 2. Nf3 Nc6 3. Nc3 Nf6 4. Bb5 Bc5 5. O-O O-O 6. Nxe5 Nxe5 7. d4 Bd6 8. f4 Nc6 9. e5 Be7 10. exf6 Bxf6 11. Ne2 a6 12. Ba4 b5 13. Bb3 d5 14. c3 Bg4 15. h3 Bxe2 16. Qxe2 Na5 17. Bc2 Nc4 18. Qd3 g6 19. f5 Bg5 20. Qg3 Bxc1 21. Raxc1 Qd6 22. Qh4 Ne3 23. Rf2 Rfe8 24. Bd3 c5 25. fxg6 hxg6 26. Rf6 Re6 27. Rxe6 Qxe6 28. dxc5 1/2-1/2

[Event "Nova Gorica op"]
[Site "Nova Gorica"]
[Date "1999.01.31"]
[Round "4"]
[White "Podlesnik, Bogdan"]
[Black "Kovacic, Peter"]
[Result "1-0"]
[WhiteElo "2409"]
[BlackElo "2203"]
[PlyCount "61"]
[EventDate "1999.01.28"]
[Source "ChessBase"]
[SourceDate "1999.03.01"]

1. e4 e5 2. Nf3 Nc6 3. Nc3 Nf6 4. Bb5 Bc5 5. O-O O-O 6. Bxc6 dxc6 7. d3 Re8 8. h3 h6 9. Ne2 Nh5 10. g4 Qf6 11. Kg2 Qg6 12. Nh4 Qf6 13. Nf5 Bxf5 14. exf5 Nf4+ 15. Bxf4 exf4 16. Rb1 g6 17. Nxf4 gxf5 18. Nh5 Qg6 19. Qf3 Re5 20. Ng3 fxg4 21. hxg4 Rae8 22. d4 Bxd4 23. Nf5 h5 24. Nxd4 Re4 25. Nf5 Rxg4+ 26. Kh2 Kh8 27. Rg1 Rg8 28. Rxg4 hxg4 29. Qc3+ f6 30. Qd3 Qh5+ 31. Kg2 1-0

[Event "Bundesliga 9091"]
[Site "Germany"]
[Date "1991.??.??"]
[Round "?"]
[White "Haskamp, Stephan"]
[Black "Bastian, Herbert"]
[Result "1-0"]
[WhiteElo "2275"]
[BlackElo "2335"]
[PlyCount "83"]
[EventDate "1990.10.??"]
[Source "ChessBase"]
[SourceDate "1999.07.01"]

1. e4 e5 2. Nf3 Nc6 3. Nc3 Nf6 4. Bb5 Bc5 5. Nxe5 Nxe5 6. d4 Bd6 7. f4 Bb4 8. fxe5 Nxe4 9. Qf3 Nxc3 10. O-O Ne2+ 11. Bxe2 O-O 12. Bc4 d6 13. Qb3 Ba5 14. Rxf7 Rxf7 15. Bxf7+ Kh8 16. Bf4 Bb6 17. c3 dxe5 18. Bxe5 Qg5 19. Bg3 Bf5 20. Re1 h5 21. Qb5 h4 22. Bf2 c6 23. Qe5 Rf8 24. Qe7 Qxe7 25. Rxe7 g5 26. Rxb7 Bc8 27. Re7 Kg7 28. Bc4+ Kf6 29. Re5 h3 30. Be3 g4 31. Bh6 Rh8 32. Bg5+ Kg7 33. Bd3 hxg2 34. Re7+ Kf8 35. Bg6 Rg8 36. Re8+ Kg7 37. Bh6+ Kh8 38. Kxg2 Rxe8 39. Bxe8 Bb7 40. Kg3 c5 41. Be3 Bc7+ 42. Bf4 1-0

[Event "Wch U16"]
[Site "Wch U16 Singapore"]
[Date "1990.??.??"]
[Round "?"]
[White "Gokhale, Jayant Suresh"]
[Black "Gabriel, Christian"]
[Result "1/2-1/2"]
[WhiteElo "2245"]
[BlackElo "2365"]
[PlyCount "62"]
[EventDate "1990.??.??"]
[Source "www.chesslib.no"]
[SourceDate "2004.05.04"]

1. e4 e5 2. Nf3 Nc6 3. Nc3 Nf6 4. Bb5 Bc5 5. O-O O-O 6. d3 d6 7. h3 Ne7 8. Bc4 c6 9. Bg5 Ng6 10. Nh4 Nxh4 11. Bxh4 b5 12. Bb3 h6 13. Kh1 g5 14. Bg3 Bd7 15. Ne2 Bb6 16. f4 Qe7 17. fxe5 dxe5 18. Ng1 Bc7 19. Qf3 Kg7 20. Bf2 Bd6 21. Be3 Kg6 22. Ne2 Nh5 23. g4 Nf4 24. Ng3 Kh7 25. Rad1 Rac8 26. c3 Nxh3 27. Nf5 Bxf5 28. Qxf5+ Kg7 29. Kg2 Nf4+ 30. Bxf4 gxf4 31. Rh1 Qg5 1/2-1/2

[Event "POL-chT2"]
[Site "Polanica Zdroj"]
[Date "1999.??.??"]
[Round "1"]
[White "Cyborowski, Lukasz"]
[Black "Laszewicz, Pawel"]
[Result "1-0"]
[WhiteElo "2415"]
[BlackElo "2192"]
[PlyCount "40"]
[EventDate "1999.??.??"]
[Source "www.chesslib.no"]
[SourceDate "2004.05.04"]

1. e4 e5 2. Nf3 Nc6 3. Nc3 Nf6 4. Bb5 Bc5 5. d3 a6 6. Bxc6 dxc6 7. Qe2 Qe7 8. h3 h6 9. Be3 Bb4 10. O-O Bd7 11. Nd2 O-O-O 12. a3 Bc5 13. Nc4 b5 14. Bxc5 Qxc5 15. Ne3 g5 16. Qf3 Qe7 17. Ne2 g4 18. hxg4 Rdg8 19. Nf5 Qe6 20. a4 Kb7 1-0

[Event "Szeged TT06 IM"]
[Site "Szeged"]
[Date "1998.06.26"]
[Round "9"]
[White "Ambrus, Endre"]
[Black "Moraru, Marius"]
[Result "1/2-1/2"]
[WhiteElo "2230"]
[BlackElo "2375"]
[PlyCount "21"]
[EventDate "1998.06.??"]
[Source "www.chesslib.no"]
[SourceDate "2004.05.04"]

1. e4 e5 2. Nf3 Nc6 3. Nc3 Nf6 4. Bb5 Bc5 5. O-O d6 6. Bxc6+ bxc6 7. d4 exd4 8. Nxd4 Bd7 9. Bg5 h6 10. Bh4 g5 11. Bg3 1/2-1/2

[Event "SWE-chT 9899"]
[Site "Sweden"]
[Date "1999.??.??"]
[Round "9"]
[White "Couso, Luis"]
[Black "Borvander, Tom"]
[Result "0-1"]
[WhiteElo "2423"]
[BlackElo "2171"]
[PlyCount "70"]
[EventDate "1998.??.??"]
[Source "www.chesslib.no"]
[SourceDate "2004.05.04"]

1. e4 e5 2. Nf3 Nc6 3. Nc3 Nf6 4. Bb5 Bc5 5. Nxe5 Qe7 6. Nd3 Bd4 7. O-O O-O 8. Nd5 Qxe4 9. Nxf6+ Bxf6 10. Re1 Qf5 11. Ba4 b5 12. Bb3 Bb7 13. Re3 Rae8 14. c3 Na5 15. Ne1 Nxb3 16. axb3 Rxe3 17. dxe3 a6 18. b4 d6 19. f3 Be5 20. Nd3 Qh5 21. Nxe5 dxe5 22. e4 f5 23. Be3 fxe4 24. Bc5 exf3 25. Bxf8 Qg5 26. Qf1 Kxf8 27. Qf2 Kg8 28. h4 Qf6 29. Rd1 h6 30. Rd7 Qg6 31. Rxc7 Be4 32. g3 Bd5 33. Kh2 e4 34. Qd4 Be6 35. Qe3 Qg4 0-1